| 000 | 00595nam a22001937a 4500 | ||
|---|---|---|---|
| 999 |
_c7029 _d7029 |
||
| 003 | OSt | ||
| 005 | 20210827113844.0 | ||
| 008 | 210827b ||||| |||| 00| 0 eng d | ||
| 020 | _a9780521100809 | ||
| 040 | _cDDC | ||
| 082 | _a576.8SIN2000 | ||
| 100 |
_aEdited by Singh,Rama.S; Krimbas,Costas.B; _914447 |
||
| 245 |
_aEvolutionary Genetics. _bFrom molecules to morphology _cEdited by Singh,Rama.S; Krimbas,Costas.B; |
||
| 260 |
_aNew York, _bCambridge University Press; _c2000. |
||
| 300 |
_aix,702 _bill _c24cm |
||
| 504 | _aincludes;index | ||
| 650 |
_aBiology _95602 |
||
| 942 |
_2ddc _cO_SHELF |
||